00502 2200181 4500001002100000005001500021035002000036245005800056100001900114250001400133300003600147260003300183082001000216084001600226020001900242008003900261990002000300INLIS00000000000175320190924090808 a0010-09190000161 aSutradara :bSeri Aku Ingin Menjadi /cDina Alfiyanti0 aDina Alfiyanti aCet. 3.-- a33 hlm. :bilus. ;c21 x 24 cm. aJakarta; :bErlangga,c2019. a808.3 a808.3 DIN s a978602684736-2190924 | | |  a14715/P/BL/2019